00489cam a22001572 4500001001100000005001700011008004100028020002800069040001500097050001700112100002900129245007300158260003000231300001100261650005900272000000503320151217151950.0070605s xx 000 0 eng d a0761997709 :cKES 1,055 aKABUcKABU 0aT174.3b.C641 aCohen, Goel.@000015609410aTechnology transfer :bstrategic management in developing countries. aNew Delhi :bSage,c2004. a336 p. 0aTechnology transferzDeveloping countries.@0000156095